<?xml version="1.0" encoding="UTF-8"?>
<record
    xmlns:xsi="http://www.w3.org/2001/XMLSchema-instance"
    xsi:schemaLocation="http://www.loc.gov/MARC21/slim http://www.loc.gov/standards/marcxml/schema/MARC21slim.xsd"
    xmlns="http://www.loc.gov/MARC21/slim">

  <leader>00944nam a22002297a 4500</leader>
  <controlfield tag="003">OSt</controlfield>
  <controlfield tag="005">20240724142340.0</controlfield>
  <controlfield tag="008">240625b           ||||| |||| 00| 0 eng d</controlfield>
  <datafield tag="022" ind1=" " ind2=" ">
    <subfield code="2">0972 902X</subfield>
  </datafield>
  <datafield tag="040" ind1=" " ind2=" ">
    <subfield code="c">AIMIT LIBRARY</subfield>
  </datafield>
  <datafield tag="082" ind1=" " ind2=" ">
    <subfield code="a">332.12</subfield>
    <subfield code="b">BANI</subfield>
  </datafield>
  <datafield tag="110" ind1=" " ind2=" ">
    <subfield code="a">Research Development Association </subfield>
    <subfield code="9">171662</subfield>
  </datafield>
  <datafield tag="245" ind1=" " ind2=" ">
    <subfield code="a">Journal of Banking Information Technology and Management /</subfield>
    <subfield code="c">By Research Development Association.</subfield>
  </datafield>
  <datafield tag="260" ind1=" " ind2=" ">
    <subfield code="a">Jaipur :</subfield>
    <subfield code="b">Research Development Research Association ,</subfield>
    <subfield code="c">2018.</subfield>
  </datafield>
  <datafield tag="300" ind1=" " ind2=" ">
    <subfield code="b">HB</subfield>
    <subfield code="c">24 cm.</subfield>
  </datafield>
  <datafield tag="440" ind1=" " ind2=" ">
    <subfield code="a">Journal of Banking Information Technology and management</subfield>
    <subfield code="v">Vol.15 No.1-2/2018</subfield>
    <subfield code="9">171663</subfield>
  </datafield>
  <datafield tag="440" ind1=" " ind2=" ">
    <subfield code="v">Vol.10 No.1&amp;2/2013,Vol.11 No.1&amp;2/2014</subfield>
  </datafield>
  <datafield tag="440" ind1=" " ind2=" ">
    <subfield code="v">Vol.12 No.1&amp;2/2015, Vol.13 No.1&amp;2/2016, Vol.14 No.1&amp;2/2017</subfield>
  </datafield>
  <datafield tag="650" ind1=" " ind2=" ">
    <subfield code="a">Enduring gender gaps in the access and usage of Finance</subfield>
    <subfield code="9">171664</subfield>
  </datafield>
  <datafield tag="650" ind1=" " ind2=" ">
    <subfield code="v">Private equity investment future scope in European region</subfield>
    <subfield code="9">171665</subfield>
  </datafield>
  <datafield tag="942" ind1=" " ind2=" ">
    <subfield code="2">ddc</subfield>
    <subfield code="c">BV</subfield>
    <subfield code="k">332.12 BANI</subfield>
  </datafield>
  <datafield tag="999" ind1=" " ind2=" ">
    <subfield code="c">231321</subfield>
    <subfield code="d">231321</subfield>
  </datafield>
  <datafield tag="952" ind1=" " ind2=" ">
    <subfield code="0">0</subfield>
    <subfield code="1">0</subfield>
    <subfield code="2">ddc</subfield>
    <subfield code="4">0</subfield>
    <subfield code="7">0</subfield>
    <subfield code="8">MBA</subfield>
    <subfield code="a">AIMIT</subfield>
    <subfield code="b">AIMIT</subfield>
    <subfield code="c">BV</subfield>
    <subfield code="d">2024-06-25</subfield>
    <subfield code="h">Vol.15 No.1-2/2018</subfield>
    <subfield code="l">0</subfield>
    <subfield code="o">332.12 BANI</subfield>
    <subfield code="p">BVM1127</subfield>
    <subfield code="r">2024-06-25 00:00:00</subfield>
    <subfield code="w">2024-06-25</subfield>
    <subfield code="y">BV</subfield>
  </datafield>
  <datafield tag="952" ind1=" " ind2=" ">
    <subfield code="0">0</subfield>
    <subfield code="1">0</subfield>
    <subfield code="2">ddc</subfield>
    <subfield code="4">0</subfield>
    <subfield code="7">0</subfield>
    <subfield code="8">MBA</subfield>
    <subfield code="a">AIMIT</subfield>
    <subfield code="b">AIMIT</subfield>
    <subfield code="c">BV</subfield>
    <subfield code="d">2024-06-25</subfield>
    <subfield code="h">Vol.10 No.1&amp;2/2013</subfield>
    <subfield code="l">0</subfield>
    <subfield code="o">332.12 BANI</subfield>
    <subfield code="p">BVM893</subfield>
    <subfield code="r">2024-06-25 00:00:00</subfield>
    <subfield code="w">2024-06-25</subfield>
    <subfield code="y">BV</subfield>
  </datafield>
  <datafield tag="952" ind1=" " ind2=" ">
    <subfield code="0">0</subfield>
    <subfield code="1">0</subfield>
    <subfield code="2">ddc</subfield>
    <subfield code="4">0</subfield>
    <subfield code="7">0</subfield>
    <subfield code="8">MBA</subfield>
    <subfield code="a">AIMIT</subfield>
    <subfield code="b">AIMIT</subfield>
    <subfield code="c">BV</subfield>
    <subfield code="d">2024-06-25</subfield>
    <subfield code="h">Vol.12 No.1&amp;2/2015/Vol.13 No.1&amp;2/2016 Vol.14 No.1&amp;2/2017</subfield>
    <subfield code="l">0</subfield>
    <subfield code="o">332.12 BANI</subfield>
    <subfield code="p">BVM982</subfield>
    <subfield code="r">2024-06-27 00:00:00</subfield>
    <subfield code="w">2024-06-25</subfield>
    <subfield code="y">BV</subfield>
  </datafield>
</record>
